00966nam a2200277 a 450000100060000000300080000600500170001400800410003103500190007204000260009104100080011708200250012510000540015024500520020425000120025626000510026830000330031949000380035250000200039065000330041070000350044383000460047894200120052499900170053695201350055369556BD-RjUL20211209081913.0170412s1952 onc b 001 0 eng d a(BD-RjUL)69768 aBD-RjULbengcBD-RjUL aeng 223a515.63bSYT 19521 aSynge, J. L.q(John Lighton),d1897-1995.915439110aTensor calculus /cby J.L. Synge and A. Schild. a2nd ed. aToronto :bUniversity of Toronto Press,c1952. axi, 324 p. :bill. ;c22 cm.1 aMathematical expositions ;vno. 5 aIncludes index. 0aCalculus of tensors.91211061 aSchild, Alfred,d1921-9206024 0aMathematical expositions ;vno. 59152065 2ddccBK c69556d69556 00102ddc40718NFICaRUCLbRUCLcReadingd1955-07-21eO.U.Pg26.00l0o515.63 SYT 1952r2017-04-12 00:00:00tC-1w2017-04-12yBK